00570nam a22001817a 450000500170000000800410001701000150005802000290007303500130010203700130011504000130012808200120014110000210015324500920017426000460026630000260031250000500033820130430114911.0130430b xxu||||| |||| 00| 0 eng d aENG-106946 a9788177083101 c2355.00 aEN-90479 bDBAD/PUB aDPLbEng a338.954 aChatterjee, Anup a Industrial policy and economic development in India 1947-2012 /c by Anup Chatterjee aNew DelhibNew Century Publicationsc2012 a xLii,585p.c26cm(Hb) aIncludes bibliographical references and index